Informe sobre la situación de los derechos humanos en Centroamérica: setiembre 1995

Wedi'i Gadw mewn:
Manylion Llyfryddiaeth
Awdur Corfforaethol: CODEHUCA
Fformat: Texto
Tagiau: Ychwanegu Tag
Dim Tagiau, Byddwch y cyntaf i dagio'r cofnod hwn!

MARC

LEADER 00000 a a2200000 04500
001 48545
003
040
110 |a CODEHUCA  
245 |a Informe sobre la situación de los derechos humanos en Centroamérica:   |b setiembre 1995  
773 |g , (1995), páginas : tablas, mapa, fotos  
999 |c 22994  |d 22994